Punishment / 1 History, philosophy and sociology of punishment
| Medienart: | Druck Buch |
|---|---|
| Sprache: | Englisch |
| Veröffentlicht: |
London [u.a.]
Routledge
2015
|
| In: |
Punishment critical concepts in criminology
Jahr: 2015 |
| Online-Zugang: |
Inhaltsverzeichnis |
| Bestand in Tübingen: | In Tübingen vorhanden. UB: KB 20 A 7771-1 |
| Verfügbarkeit prüfen: | HBZ Gateway |
| Subito Bestelldienst: | Jetzt bestellen. |
| Schlagwörter: |
MARC
| LEADER | 00000cam a2200000 cc4500 | ||
|---|---|---|---|
| 001 | 1515730743 | ||
| 003 | DE-627 | ||
| 005 | 20251225185902.0 | ||
| 007 | tu | ||
| 008 | 150923s2015 xxk||||| 00| ||eng c | ||
| 020 | |a 9780415835503 |9 978-0-415-83550-3 | ||
| 035 | |a (DE-627)1515730743 | ||
| 035 | |a (DE-576)445730749 | ||
| 035 | |a (DE-599)BSZ445730749 | ||
| 035 | |a (OCoLC)985360507 | ||
| 040 | |a DE-627 |b ger |c DE-627 |e rakwb | ||
| 041 | |a eng | ||
| 044 | |c XA-GB | ||
| 082 | 0 | |a 364.6 | |
| 084 | |a 2,1 |2 ssgn | ||
| 245 | 0 | 0 | |a Punishment |n 1 |p History, philosophy and sociology of punishment |
| 264 | 1 | |a London [u.a.] |b Routledge |c 2015 | |
| 300 | |a XXII, 329 S. |c 24 cm | ||
| 336 | |a Text |b txt |2 rdacontent | ||
| 337 | |a ohne Hilfsmittel zu benutzen |b n |2 rdamedia | ||
| 338 | |a Band |b nc |2 rdacarrier | ||
| 583 | 1 | |a Archivierung/Langzeitarchivierung gewährleistet |f SSG |x XA-DE-BW |2 pdager |5 DE-21 | |
| 650 | 0 | |a Punishment | |
| 650 | 0 | |a Criminal justice, Administration of | |
| 650 | 0 | |a Sentences (Criminal procedure) | |
| 773 | 1 | 8 | |a Punishment critical concepts in criminology |w (DE-627)152365371X |w (DE-576)453653715 |g 1 |q 1 |7 nnam |
| 856 | 4 | 2 | |u https://swbplus.bsz-bw.de/bsz445730749inh.htm |m B:DE-576;DE-Frei85 |q application/pdf |v 20160107135221 |x Verlag |3 Inhaltsverzeichnis |7 1 |
| 951 | |a MV | ||
| ELC | |b 1 | ||
| LOK | |0 000 xxxxxcx a22 zn 4500 | ||
| LOK | |0 001 2870689292 | ||
| LOK | |0 003 DE-627 | ||
| LOK | |0 004 1515730743 | ||
| LOK | |0 005 20151229105207 | ||
| LOK | |0 008 151103||||||||||||||||ger||||||| | ||
| LOK | |0 040 |a DE-21 |c DE-627 |d DE-21 | ||
| LOK | |0 852 |a DE-21 | ||
| LOK | |0 852 1 |c KB 20 A 7771-1 |9 00 | ||
| LOK | |0 935 |a krim | ||
| LOK | |0 938 |a 1512 |f 34 | ||
| LOK | |0 939 |a 03-11-15 |b l01 | ||
| LOK | |0 000 xxxxxcx a22 zn 4500 | ||
| LOK | |0 001 286343148X | ||
| LOK | |0 003 DE-627 | ||
| LOK | |0 004 1515730743 | ||
| LOK | |0 005 20151229152644 | ||
| LOK | |0 008 150923||||||||||||||||ger||||||| | ||
| LOK | |0 040 |a DE-Frei85 |c DE-627 |d DE-Frei85 | ||
| LOK | |0 852 |a DE-Frei85 | ||
| LOK | |0 852 1 |m p |9 00 | ||
| LOK | |0 938 |k p | ||
| LOK | |0 939 |a 23-09-15 |b l01 | ||
| ORI | |a SA-MARC-krimdoka001.raw | ||
| SIG | |a UB: KB 20 A 7771-1 | ||
